Modèle standard de la physique - Statistiques

Statistiques générales
  • Ce quiz a été pris 81 fois
  • Le résultat moyen est 11 sur 18
Statistiques - réponses
Réponse % Correct
Electron
93%
Up
86%
Down
84%
Photon
83%
Charm
74%
Strange
74%
Bottom
72%
Top
69%
Gluon
67%
Muon
66%
Boson de Higgs
62%
Tau
59%
Neutrino electronique
47%
Neutrino muonique
43%
Neutrino tauique
41%
Boson W+
40%
Boson W-
40%
Boson Z0
21%
Aucun quiz correspondant
Distribution des résultats
% des personnes avec chaque résultat
Percentile par nombre de réponses
Votre historique - résultats
Vous n’avez pas pris ce quiz